| 000 | 00681cab a2200253 4500 | ||
|---|---|---|---|
| 001 | WB3415-42 | ||
| 008 | 090401t1998 xxu||||| |||| 00| 0 eng d | ||
| 035 | _a(Sirsi) u85577 | ||
| 041 | _aeng | ||
| 245 | _aMonetary union | ||
| 260 | _c1998 | ||
| 350 | _a0 | ||
| 490 |
_aTimes _v11 April 1998, 2.14(2) |
||
| 520 | _aConsiders the impact economic and monetary union could have on the UK housing market. | ||
| 650 | _aEMU | ||
| 650 | _aEUROPE | ||
| 650 | _aFORECASTS | ||
| 650 | _aHOUSING MARKET | ||
| 650 | _aMONETARY UNION | ||
| 650 | _aSINGLE CURRENCY | ||
| 690 | _aPROPERTY-RESIDENTIAL PROPERTY-RESIDENTIAL PROPERTY MARKET | ||
| 942 | _n0 | ||
| 948 | _c15/04/1998 | ||
| 999 |
_c53810 _d53810 |
||